Statistics for Fossil Pokemon

Click here to take the quiz!

General Stats

  • This quiz has been taken 926 times
    (100 since last reset)
  • The average score is 21 of 26

Answer Stats

Type Pokemon % Correct
Rock-WaterOmanyte
99%
Rock-WaterKabuto
97%
Rock-WaterKabutops
97%
Rock-FlyingAerodactyl
97%
Rock-WaterOmastar
96%
Bug-RockArmaldo
89%
Steel-RockBastiodon
86%
Rock-GrassLileep
85%
Rock-GrassCradily
85%
Bug-RockAnorith
83%
Steel-RockShieldon
83%
Rock-FlyingArcheops
82%
RockRampardos
82%
Rock-DragonTyrantrum
79%
RockCranidos
77%
Rock-DragonTyrunt
77%
Rock-FlyingArchen
76%
Water-RockCarracosta
73%
Rock-IceAmaura
73%
Rock-IceAurorus
72%
Water-DragonDracovish
72%
Water-RockTirtouga
70%
Electric-DragonDracozolt
68%
Water-IceArctovish
68%
Electric-IceArctozolt
66%
Bug-SteelGenesect
59%

Score Distribution

Percentile by Number Answered

Percent of People with Each Score

Your Score History

You have not taken this quiz since the last reset